Statistics for System Shock Trivia

Click here to take the quiz!

General Stats

  • This quiz has been taken 26 times
  • The average score is 7 of 10

Answer Stats

QuestionAnswer% Correct
What nickname does SHODAN have for the player?Insect.
100%
Which ship accompanied the Von Braun on it's voyage?UNN Rickenbacker.
100%
Which human form did SHODAN take on board the Von Braun?Dr. Janice Polito.
83%
Who is the secondary antagonist of System Shock?Edward Diego.
83%
Which company owns Citadel Station?TriOptimum Corporation
83%
Where does "The Hacker" live?New Atlanta, Sector 11, building 71G,
67%
Which studio now owns the rights to this System Shock franchise?Nightdive Studios
67%
In which year does the first System Shock game take place?2072
33%
What does SHODAN stand for?Sentient Hyper-Optimized Data Access Network.
33%
Who designed the Faster than Light drive?Dr. Marie Delacroix
17%

Score Distribution

Percentile by Number Answered

Percent of People with Each Score

Your Score History

You have not taken this quiz